| 000 | 00751nam a22002417a 4500 | ||
|---|---|---|---|
| 003 | CDMR | ||
| 005 | 20131126132729.0 | ||
| 007 | ta | ||
| 008 | 131105b xxu||||| |||| 00| 0 eng d | ||
| 020 | _a0803880952 | ||
| 040 | _cCDMR | ||
| 100 |
_92082 _aMerrill, John Calhoun |
||
| 245 |
_aThe world's great dailies _b: profiles of fifty newspapers _cby John C. Merrill and Harold A. Fisher |
||
| 246 |
_aThe world's great dailies _b: profiles of 50 newspapers |
||
| 260 |
_aNew York _bHastings House _c1980 |
||
| 300 | _a372 p. | ||
| 490 | _aCommunication Arts Books | ||
| 500 | _aInclou index i bibliografia | ||
| 650 | 0 | 4 |
_94390 _aDiaris _xHistòria |
| 650 | 0 | 4 |
_9311 _aEmpreses periodÃstiques |
| 700 |
_94265 _aHarold A. Fisher |
||
| 942 |
_2udc _cMON |
||
| 999 |
_c6664 _d6664 |
||